| 000 -LEADER |
| fixed length control field |
00620nam a2200241Ia 4500 |
| 001 - CONTROL NUMBER |
| control field |
16411 |
| 003 - CONTROL NUMBER IDENTIFIER |
| control field |
GE_BSU |
| 008 - FIXED-LENGTH DATA ELEMENTS--GENERAL INFORMATION |
| fixed length control field |
181216s||||||||xx |||||||||||||| ||und|| |
| 020 ## - INTERNATIONAL STANDARD BOOK NUMBER |
| International Standard Book Number |
9780230203150 (pbk.) |
| 040 ## - CATALOGING SOURCE |
| Transcribing agency |
GE_BSU |
| 080 ## - UNIVERSAL DECIMAL CLASSIFICATION NUMBER |
| Universal Decimal Classification number |
327.17 |
| 100 ## - MAIN ENTRY--PERSONAL NAME |
| Personal name |
Smith, Michael E |
| 245 ## - TITLE STATEMENT |
| Title |
International security : politics, policy, prospects |
| 260 ## - PUBLICATION, DISTRIBUTION, ETC. |
| Place of publication, distribution, etc. |
New York |
| 260 ## - PUBLICATION, DISTRIBUTION, ETC. |
| Name of publisher, distributor, etc. |
Palgrave Macmillan |
| 260 ## - PUBLICATION, DISTRIBUTION, ETC. |
| Date of publication, distribution, etc. |
2010. |
| 300 ## - PHYSICAL DESCRIPTION |
| Extent |
xix, 364 p, 25 cm. |
| 300 ## - PHYSICAL DESCRIPTION |
| Accompanying material |
bibliogr.:p.320-348 |
| 653 ## - INDEX TERM--UNCONTROLLED |
| Uncontrolled term |
International security : politics, policy, prospects |
| 653 ## - INDEX TERM--UNCONTROLLED |
| Uncontrolled term |
Politics |
| 942 ## - ADDED ENTRY ELEMENTS (KOHA) |
| Koha item type |
წიგნი |